<?xml version="1.0" encoding="UTF-8"?>
<record
    xmlns:xsi="http://www.w3.org/2001/XMLSchema-instance"
    xsi:schemaLocation="http://www.loc.gov/MARC21/slim http://www.loc.gov/standards/marcxml/schema/MARC21slim.xsd"
    xmlns="http://www.loc.gov/MARC21/slim">

  <leader>00639nam a22001457a 4500</leader>
  <controlfield tag="003">OSt</controlfield>
  <controlfield tag="005">20150927160919.0</controlfield>
  <controlfield tag="008">150927b        xxu||||| |||| 00| 0 eng d</controlfield>
  <datafield tag="040" ind1=" " ind2=" ">
    <subfield code="c">RUA</subfield>
  </datafield>
  <datafield tag="082" ind1=" " ind2=" ">
    <subfield code="a">AGR CHO B008 1999 Or.1</subfield>
  </datafield>
  <datafield tag="100" ind1=" " ind2=" ">
    <subfield code="9">1446</subfield>
    <subfield code="a">CHOUN, PHEA.</subfield>
  </datafield>
  <datafield tag="245" ind1=" " ind2=" ">
    <subfield code="a">coparing of ability of seed producing and growth between red tilapia and nile tilapia, &#x1794;&#x17D2;&#x179A;&#x17C0;&#x1794;&#x1792;&#x17C0;&#x1794;&#x179F;&#x1798;&#x178F;&#x17D2;&#x1790;&#x1797;&#x17B6;&#x1796;&#x1795;&#x179B;&#x17B7;&#x178F;&#x1780;&#x17BC;&#x1793;&#x1793;&#x17B7;&#x1784;&#x1780;&#x17B6;&#x179A;&#x179B;&#x17BC;&#x178F;&#x179B;&#x17B6;&#x179F;&#x17CB;&#x179A;&#x179C;&#x17B6;&#x1784;&#x178F;&#x17D2;&#x179A;&#x17B8;&#x1791;&#x17B8;&#x1791;&#x17B6;&#x1796;&#x17D2;&#x1799;&#x17B6;&#x1780;&#x17D2;&#x179A;&#x17A0;&#x1798;&#x1793;&#x17B7;&#x1784;&#x178F;&#x17D2;&#x179A;&#x17B8;&#x1791;&#x17B8;&#x17A1;&#x17B6;&#x1796;&#x17D2;&#x1799;&#x17B6;&#x1786;&#x17D2;&#x1793;&#x17BC;&#x178F;</subfield>
  </datafield>
  <datafield tag="300" ind1=" " ind2=" ">
    <subfield code="a">64p.</subfield>
    <subfield code="b">ill.</subfield>
    <subfield code="c">29cm.</subfield>
  </datafield>
  <datafield tag="942" ind1=" " ind2=" ">
    <subfield code="2">ddc</subfield>
    <subfield code="c">AGR</subfield>
  </datafield>
  <datafield tag="999" ind1=" " ind2=" ">
    <subfield code="c">1358</subfield>
    <subfield code="d">1358</subfield>
  </datafield>
  <datafield tag="952" ind1=" " ind2=" ">
    <subfield code="0">0</subfield>
    <subfield code="1">0</subfield>
    <subfield code="2">ddc</subfield>
    <subfield code="4">0</subfield>
    <subfield code="6">AGR_CHO_B008_1999_000000000000000_OR_1</subfield>
    <subfield code="7">0</subfield>
    <subfield code="9">5883</subfield>
    <subfield code="a">LBB</subfield>
    <subfield code="b">LBB</subfield>
    <subfield code="c">B008</subfield>
    <subfield code="d">2015-09-27</subfield>
    <subfield code="o">AGR CHO B008 1999 Or.1</subfield>
    <subfield code="p">RUA004962</subfield>
    <subfield code="r">2015-09-27</subfield>
    <subfield code="w">2015-09-27</subfield>
    <subfield code="y">AGR</subfield>
  </datafield>
  <datafield tag="952" ind1=" " ind2=" ">
    <subfield code="0">0</subfield>
    <subfield code="1">0</subfield>
    <subfield code="2">ddc</subfield>
    <subfield code="4">0</subfield>
    <subfield code="6">AGR_CHO_B008_1999_000000000000000_OR_2</subfield>
    <subfield code="7">0</subfield>
    <subfield code="9">7576</subfield>
    <subfield code="a">LBB</subfield>
    <subfield code="b">LBB</subfield>
    <subfield code="d">2015-10-03</subfield>
    <subfield code="l">1</subfield>
    <subfield code="o">AGR CHO B008 1999 Or.2</subfield>
    <subfield code="p">RUA018504</subfield>
    <subfield code="r">2018-07-27</subfield>
    <subfield code="s">2018-05-11</subfield>
    <subfield code="w">2015-10-03</subfield>
    <subfield code="y">AGR</subfield>
  </datafield>
</record>
